Kuaseling individu : edisi ketiga
| Main Author: | |
|---|---|
| Other Authors: | , |
| Format: | Book |
| Published: |
Selangor :
Prentice Hall ,
2006
|
| Subjects: |
MARC
| LEADER | 00000cam a2200000 7i4500 | ||
|---|---|---|---|
| 001 | 0000019321 | ||
| 005 | 20080616.0 | ||
| 008 | 080616 | ||
| 020 | |a 983365505x | ||
| 090 | 0 | 0 | |a 361.06 |b SAP |
| 100 | 0 | |a Sapora Sipon | |
| 245 | 1 | 0 | |a Kuaseling individu : |b edisi ketiga |c Sapora Sipon, Hapshah MD Yusof, AB Aziz Mohd Yatim |
| 260 | |a Selangor : |b Prentice Hall , |c 2006 | ||
| 650 | 0 | |a Counseling | |
| 650 | 0 | |a Counseling |x Personal management | |
| 700 | 0 | |a AB Aziz Mohd Yatim | |
| 700 | 0 | |a Hapshah MD Yusof | |
| 999 | |a 0001023411 |b Book |c Adult Collection |e Perbadanan Perpustakaan Awam Johor | ||